[Event "XXVI Miedzynarodowy Festiwal Szachowy im.Jozefa Dominika"]
[Site "Dobczyce"]
[Date "2018.07.13"]
[Round "4.4"]
[White "Golenia, Jan"]
[Black "Watorek, Marcin"]
[Result "1/2-1/2"]
[BlackElo "2113"]
[WhiteElo "1986"]
[LiveChessVersion "1.4.8"]

1. d4 {[%clk 1:30:25]} Nf6 {[%clk 1:30:51]} 2. Bg5 {[%clk 1:30:46]} d5
{[%clk 1:30:52]} 3. e3 {[%clk 1:30:43]} c5 {[%clk 1:29:52]} 4. Nc3
{[%clk 1:29:32]} e6 {[%clk 1:20:41]} 5. Bb5+ {[%clk 1:23:56]} Bd7
{[%clk 1:19:47]} 6. Bxd7+ {[%clk 1:22:04]} Nbxd7 {[%clk 1:19:17]} 7. Nge2
{[%clk 1:22:12]} cxd4 {[%clk 1:13:24]} 8. Qxd4 {[%clk 1:12:24]} Bc5
{[%clk 1:09:35]} 9. Qh4 {[%clk 1:01:29]} O-O {[%clk 1:01:53]} 10. O-O-O
{[%clk 0:55:12]} h6 {[%clk 0:53:33]} 11. Bxf6 {[%clk 0:51:48]} Qxf6
{[%clk 0:53:50]} 12. Qxf6 {[%clk 0:51:17]} Nxf6 {[%clk 0:54:15]} 13. h3
{[%clk 0:43:11]} a6 {[%clk 0:48:26]} 14. Nf4 {[%clk 0:34:08]} b5 {[%clk 0:45:16]}
15. Rhe1 {[%clk 0:30:50]} Bb4 {[%clk 0:43:29]} 16. Nfe2 {[%clk 0:16:58]} Rfc8
{[%clk 0:30:19]} 17. Rd4 {[%clk 0:14:59]} Ba5 {[%clk 0:29:26]} 18. Red1
{[%clk 0:10:40]} Rc7 {[%clk 0:26:29]} 19. a3 {[%clk 0:09:40]} Rac8
{[%clk 0:26:11]} 20. Kb1 {[%clk 0:09:44]} Bb6 {[%clk 0:21:12]} 21. R4d3
{[%clk 0:09:43]} Rc4 {[%clk 0:20:31]} 22. Nd4 {[%clk 0:08:22]} Ba5
{[%clk 0:17:49]} 23. Nce2 {[%clk 0:02:55]} Ne4 {[%clk 0:16:50]} 24. Rf1
{[%clk 0:00:52]} Kf8 {[%clk 0:13:14]} 25. c3 {[%clk 0:01:12]} Bb6
{[%clk 0:11:41]} 26. Ka2 {[%clk 0:00:43]} Ke7 {[%clk 0:11:02]} 27. Rdd1
{[%clk 0:00:43]} g6 {[%clk 0:10:04]} 28. Nf4 {[%clk 0:00:41]} g5 {[%clk 0:09:39]}
29. Nd3 {[%clk 0:01:01]} f6 {[%clk 0:09:30]} 30. f4 {[%clk 0:00:40]} Bxd4
{[%clk 0:08:35]} 31. exd4 {[%clk 0:00:52]} a5 {[%clk 0:07:42]} 32. Rde1
{[%clk 0:00:42]} Kd6 {[%clk 0:07:43]} 33. Re3 {[%clk 0:00:36]} b4
{[%clk 0:07:46]} 34. Nc5 {[%clk 0:00:35]} Nxc5 {[%clk 0:05:38]} 35. dxc5+
{[%clk 0:00:58]} R8xc5 {[%clk 0:05:53]} 36. cxb4 {[%clk 0:00:40]} axb4
{[%clk 0:06:06]} 37. fxg5 {[%clk 0:00:58]} fxg5 {[%clk 0:06:13]} 38. Rfe1
{[%clk 0:00:57]} Re4 {[%clk 0:05:46]} 39. Rxe4 {[%clk 0:00:39]} dxe4
{[%clk 0:06:10]} 40. Rxe4 {[%clk 0:00:49]} bxa3 {[%clk 0:06:35]} 41. Kxa3
{[%clk 0:00:58]} h5 {[%clk 0:04:40]} 42. Kb3 {[%clk 0:00:48]} Kd5
{[%clk 0:04:50]} 43. Re2 {[%clk 0:00:43]} Rc1 {[%clk 0:04:59]} 44. Rc2
{[%clk 0:00:41]} Re1 {[%clk 0:04:02]} 45. Kc3 {[%clk 0:00:52]} Ke4
{[%clk 0:04:04]} 46. b4 {[%clk 0:00:49]} e5 {[%clk 0:03:46]} 47. b5
{[%clk 0:00:51]} Rb1 {[%clk 0:04:09]} 48. Rb2 {[%clk 0:00:43]} Rc1+
{[%clk 0:04:32]} 49. Rc2 {[%clk 0:00:43]} Rb1 {[%clk 0:04:58]} 50. Rb2
{[%clk 0:00:34]} Rc1+ {[%clk 0:05:23]} 51. Kd2 {[%clk 0:00:50]} Rc7
{[%clk 0:05:03]} 52. b6 {[%clk 0:01:17]} Rb7 {[%clk 0:05:30]} 53. Rb4+
{[%clk 0:01:43]} Kf5 {[%clk 0:04:12]} 54. Ke3 {[%clk 0:02:09]} g4
{[%clk 0:01:43]} 55. hxg4+ {[%clk 0:02:35]} hxg4 {[%clk 0:02:08]} 56. Rb5
{[%clk 0:02:22]} Ke6 {[%clk 0:02:17]} 57. Ke4 {[%clk 0:00:48]} Kd6
{[%clk 0:02:37]} 58. Kf5 {[%clk 0:00:37]} g3 {[%clk 0:02:58]} 59. Ke4
{[%clk 0:00:34]} Kc6 {[%clk 0:02:02]} 60. Rb3 {[%clk 0:00:42]} Re7
{[%clk 0:01:32]} 61. Rxg3 {[%clk 0:00:37]} Kxb6 {[%clk 0:01:57]} 62. Rc3
{[%clk 0:00:36]} Rg7 {[%clk 0:01:55]} 63. g3 {[%clk 0:00:37]} Rg5
{[%clk 0:02:21]} 64. Kd5 {[%clk 0:00:37]} Kb5 {[%clk 0:02:28]} 65. Rb3+
{[%clk 0:01:03]} Ka4 {[%clk 0:02:53]} 66. Re3 {[%clk 0:00:45]} Kb4
{[%clk 0:03:09]} 67. Ke6 {[%clk 0:00:33]} Kc4 {[%clk 0:03:01]} 68. Rxe5
{[%clk 0:00:33]} Rxg3 {[%clk 0:03:24]} 1/2-1/2

[Event "XXVI Miedzynarodowy Festiwal Szachowy im.Jozefa Dominika"]
[Site "Dobczyce"]
[Date "2018.07.13"]
[Round "4.5"]
[White "Kozak, Antoni"]
[Black "Slabek, Grzegorz"]
[Result "1-0"]
[BlackElo "1971"]
[WhiteElo "2208"]
[LiveChessVersion "1.4.8"]

1. e4 {[%clk 1:30:57]} Nf6 {[%clk 1:30:49]} 2. e5 {[%clk 1:31:20]} Nd5
{[%clk 1:31:12]} 3. d4 {[%clk 1:31:45]} d6 {[%clk 1:31:26]} 4. Nf3
{[%clk 1:32:06]} Nc6 {[%clk 1:29:50]} 5. c4 {[%clk 1:26:49]} Nb6 {[%clk 1:29:57]}
6. e6 {[%clk 1:23:53]} fxe6 {[%clk 1:25:37]} 7. Nc3 {[%clk 1:22:32]} e5
{[%clk 1:22:53]} 8. d5 {[%clk 1:19:39]} Nd4 {[%clk 1:21:40]} 9. Nxd4
{[%clk 1:17:51]} exd4 {[%clk 1:22:01]} 10. Qxd4 {[%clk 1:17:41]} e5
{[%clk 1:19:46]} 11. Qd1 {[%clk 1:16:26]} Bf5 {[%clk 1:17:50]} 12. Bd3
{[%clk 1:16:02]} Bxd3 {[%clk 1:17:45]} 13. Qxd3 {[%clk 1:16:29]} Qh4
{[%clk 1:18:05]} 14. Ne4 {[%clk 1:14:40]} Be7 {[%clk 1:17:31]} 15. O-O
{[%clk 1:12:10]} O-O {[%clk 1:13:37]} 16. Be3 {[%clk 1:10:58]} Nd7
{[%clk 1:13:53]} 17. f3 {[%clk 1:10:20]} b6 {[%clk 1:13:48]} 18. b4
{[%clk 1:02:07]} a5 {[%clk 1:14:05]} 19. a3 {[%clk 1:01:43]} Qh5 {[%clk 1:10:42]}
20. Bd2 {[%clk 0:51:35]} axb4 {[%clk 1:10:21]} 21. axb4 {[%clk 0:51:59]} Qg6
{[%clk 1:10:16]} 22. Qb3 {[%clk 0:50:47]} h6 {[%clk 1:09:57]} 23. c5
{[%clk 0:50:17]} bxc5 {[%clk 1:09:34]} 24. bxc5 {[%clk 0:50:45]} Rxa1
{[%clk 1:09:41]} 25. Rxa1 {[%clk 0:51:08]} Rb8 {[%clk 1:09:42]} 26. Qc4
{[%clk 0:51:12]} Nf6 {[%clk 1:10:02]} 27. c6 {[%clk 0:46:51]} Nxe4
{[%clk 1:08:47]} 28. Qxe4 {[%clk 0:47:10]} Qxe4 {[%clk 1:07:34]} 29. fxe4
{[%clk 0:47:38]} Rb2 {[%clk 1:07:20]} 30. Ba5 {[%clk 0:47:49]} Bd8
{[%clk 1:07:36]} 31. Bc3 {[%clk 0:47:53]} Rb8 {[%clk 1:07:01]} 32. Ra7
{[%clk 0:48:05]} Kh7 {[%clk 1:04:52]} 33. Ba5 {[%clk 0:48:16]} Bg5
{[%clk 1:04:35]} 34. Rb7 {[%clk 0:48:10]} Rf8 {[%clk 1:04:13]} 35. g3
{[%clk 0:48:05]} Be3+ {[%clk 1:04:17]} 36. Kg2 {[%clk 0:48:34]} Rf2+
{[%clk 1:04:25]} 37. Kh3 {[%clk 0:49:03]} g5 {[%clk 1:04:41]} 38. Bxc7
{[%clk 0:43:14]} Kg6 {[%clk 1:01:02]} 39. Bb6 {[%clk 0:40:09]} h5
{[%clk 0:59:30]} 40. g4 {[%clk 0:40:30]} hxg4+ {[%clk 0:56:48]} 41. Kg3
{[%clk 0:40:07]} Rf3+ {[%clk 0:57:03]} 42. Kg2 {[%clk 0:40:26]} Bxb6
{[%clk 0:53:05]} 43. Rxb6 {[%clk 0:40:48]} Rc3 {[%clk 0:53:27]} 44. Rb7
{[%clk 0:40:41]} g3 {[%clk 0:52:26]} 45. hxg3 {[%clk 0:41:06]} Kh5
{[%clk 0:52:50]} 46. Kh3 {[%clk 0:41:09]} g4+ {[%clk 0:53:06]} 47. Kg2
{[%clk 0:41:35]} Rc2+ {[%clk 0:53:21]} 48. Kf1 {[%clk 0:42:00]} Rc3
{[%clk 0:53:26]} 49. Kf2 {[%clk 0:42:18]} Rf3+ {[%clk 0:51:35]} 50. Kg2
{[%clk 0:41:51]} Re3 {[%clk 0:52:04]} 51. Rb4 {[%clk 0:41:36]} Re2+
{[%clk 0:52:24]} 52. Kf1 {[%clk 0:41:59]} Rc2 {[%clk 0:52:50]} 53. Ke1
{[%clk 0:42:21]} Kg6 {[%clk 0:53:05]} 54. Kd1 {[%clk 0:42:46]} Rc5
{[%clk 0:52:58]} 55. Rb2 {[%clk 0:43:12]} 1-0

[Event "XXVI Miedzynarodowy Festiwal Szachowy im.Jozefa Dominika"]
[Site "Dobczyce"]
[Date "2018.07.13"]
[Round "4.6"]
[White "Marzec, Karol"]
[Black "Kucharski, Bartlomiej"]
[Result "1/2-1/2"]
[BlackElo "1861"]
[WhiteElo "2006"]
[LiveChessVersion "1.4.8"]

1. e4 {[%clk 1:30:28]} e5 {[%clk 1:30:42]} 2. Nf3 {[%clk 1:30:52]} Nf6
{[%clk 1:31:05]} 3. d4 {[%clk 1:29:05]} Nxe4 {[%clk 1:30:47]} 4. Nxe5
{[%clk 1:29:07]} d6 {[%clk 1:24:10]} 5. Nf3 {[%clk 1:28:49]} d5 {[%clk 1:24:01]}
6. Be2 {[%clk 1:27:48]} Bd6 {[%clk 1:18:35]} 7. O-O {[%clk 1:27:01]} O-O
{[%clk 1:18:55]} 8. c4 {[%clk 1:26:07]} dxc4 {[%clk 1:11:42]} 9. Bxc4
{[%clk 1:26:07]} Nd7 {[%clk 1:10:15]} 10. Re1 {[%clk 1:23:50]} Nef6
{[%clk 1:09:25]} 11. h3 {[%clk 1:22:32]} Nb6 {[%clk 1:09:01]} 12. Bb3
{[%clk 1:22:46]} h6 {[%clk 1:06:38]} 13. Nc3 {[%clk 1:17:36]} c6 {[%clk 1:01:00]}
14. Ne5 {[%clk 1:14:39]} Nbd5 {[%clk 0:46:24]} 15. Qf3 {[%clk 1:11:56]} Be6
{[%clk 0:44:58]} 16. Bd2 {[%clk 1:06:48]} Re8 {[%clk 0:35:07]} 17. Na4
{[%clk 1:02:40]} Nd7 {[%clk 0:29:03]} 18. Rac1 {[%clk 0:58:42]} Nxe5
{[%clk 0:21:33]} 19. dxe5 {[%clk 0:58:33]} Bf8 {[%clk 0:15:02]} 20. Nc5
{[%clk 0:53:50]} Bxc5 {[%clk 0:14:24]} 21. Rxc5 {[%clk 0:53:49]} Nb6
{[%clk 0:12:59]} 22. Ba5 {[%clk 0:50:56]} Qd4 {[%clk 0:12:03]} 23. Qc3
{[%clk 0:44:20]} Qxc3 {[%clk 0:09:20]} 24. Rxc3 {[%clk 0:44:27]} Bxb3
{[%clk 0:09:10]} 25. Rxb3 {[%clk 0:44:38]} Nc4 {[%clk 0:09:27]} 26. Bc7
{[%clk 0:38:49]} b5 {[%clk 0:02:59]} 27. Rc3 {[%clk 0:34:31]} Rac8
{[%clk 0:02:40]} 28. b3 {[%clk 0:34:46]} Rxc7 {[%clk 0:02:52]} 29. bxc4
{[%clk 0:35:02]} b4 {[%clk 0:03:07]} 30. Rd3 {[%clk 0:34:22]} a5 {[%clk 0:03:06]}
31. Rd6 {[%clk 0:33:45]} a4 {[%clk 0:02:59]} 32. Rb1 {[%clk 0:31:27]} Rb8
{[%clk 0:01:37]} 33. c5 {[%clk 0:30:57]} Rb5 {[%clk 0:01:28]} 34. e6
{[%clk 0:28:27]} fxe6 {[%clk 0:01:16]} 35. Rxe6 {[%clk 0:28:48]} Kf7
{[%clk 0:01:41]} 36. Rd6 {[%clk 0:29:03]} a3 {[%clk 0:00:53]} 37. Rb3
{[%clk 0:27:40]} Rxc5 {[%clk 0:01:11]} 38. Rxb4 {[%clk 0:27:41]} Rc2
{[%clk 0:01:36]} 39. Ra4 {[%clk 0:27:11]} Rxa2 {[%clk 0:01:55]} 40. Rd3
{[%clk 0:27:14]} c5 {[%clk 0:01:43]} 41. Rdxa3 {[%clk 0:26:55]} Rc2
{[%clk 0:01:56]} 42. Ra7 {[%clk 0:26:45]} Rxa7 {[%clk 0:02:20]} 43. Rxa7+
{[%clk 0:26:52]} Kf6 {[%clk 0:02:47]} 44. Rc7 {[%clk 0:27:01]} c4
{[%clk 0:03:03]} 1/2-1/2

[Event "XXVI Miedzynarodowy Festiwal Szachowy im.Jozefa Dominika"]
[Site "Dobczyce"]
[Date "2018.07.13"]
[Round "4.7"]
[White "Mirowska, Oliwia"]
[Black "Tymrakiewicz, Rafal"]
[Result "0-1"]
[BlackElo "2218"]
[WhiteElo "1429"]
[LiveChessVersion "1.4.8"]

1. e4 {[%clk 1:30:56]} c6 {[%clk 1:28:39]} 2. Nc3 {[%clk 1:26:07]} d5
{[%clk 1:28:57]} 3. exd5 {[%clk 1:25:07]} cxd5 {[%clk 1:29:19]} 4. d4
{[%clk 1:24:39]} Nc6 {[%clk 1:29:11]} 5. Nge2 {[%clk 1:23:19]} Nf6
{[%clk 1:27:50]} 6. h3 {[%clk 1:18:28]} Bf5 {[%clk 1:20:25]} 7. a3
{[%clk 1:10:26]} e6 {[%clk 1:19:47]} 8. g4 {[%clk 0:58:22]} Bg6 {[%clk 1:19:44]}
9. Bg2 {[%clk 0:57:37]} Bd6 {[%clk 1:16:55]} 10. Nf4 {[%clk 0:51:28]} Rc8
{[%clk 1:09:05]} 11. Be3 {[%clk 0:47:27]} Bxf4 {[%clk 1:04:34]} 12. Bxf4
{[%clk 0:47:50]} Qb6 {[%clk 1:04:54]} 13. Ne2 {[%clk 0:31:35]} Qxb2
{[%clk 1:02:37]} 14. Rb1 {[%clk 0:24:05]} Qxc2 {[%clk 0:56:49]} 15. Qxc2
{[%clk 0:24:00]} Bxc2 {[%clk 0:57:15]} 16. Rxb7 {[%clk 0:24:10]} Bd3
{[%clk 0:55:55]} 17. Be3 {[%clk 0:23:16]} Ba6 {[%clk 0:55:32]} 18. Rb2
{[%clk 0:23:19]} Kd7 {[%clk 0:54:42]} 19. O-O {[%clk 0:22:56]} Rb8
{[%clk 0:54:14]} 20. Rc2 {[%clk 0:20:41]} Rhc8 {[%clk 0:54:29]} 21. Rd2
{[%clk 0:18:04]} Na5 {[%clk 0:52:28]} 22. Bf4 {[%clk 0:16:39]} Rb3
{[%clk 0:52:37]} 23. Ra1 {[%clk 0:16:36]} Ne8 {[%clk 0:50:33]} 24. Rda2
{[%clk 0:14:03]} Nd6 {[%clk 0:49:37]} 25. Bxd6 {[%clk 0:11:08]} Kxd6
{[%clk 0:50:04]} 26. Nc1 {[%clk 0:09:19]} Rbc3 {[%clk 0:48:48]} 0-1

[Event "XXVI Miedzynarodowy Festiwal Szachowy im.Jozefa Dominika"]
[Site "Dobczyce"]
[Date "2018.07.13"]
[Round "4.8"]
[White "Kawula, Andrzej"]
[Black "Mirski, Michal"]
[Result "0-1"]
[BlackElo "1973"]
[WhiteElo "1848"]
[LiveChessVersion "1.4.8"]

1. d4 {[%clk 1:30:53]} d5 {[%clk 1:30:41]} 2. c4 {[%clk 1:31:16]} e6
{[%clk 1:31:10]} 3. Nc3 {[%clk 1:31:34]} Be7 {[%clk 1:31:32]} 4. Nf3
{[%clk 1:31:29]} Nf6 {[%clk 1:31:55]} 5. e3 {[%clk 1:31:55]} O-O {[%clk 1:32:12]}
6. Bd3 {[%clk 1:32:20]} a6 {[%clk 1:31:39]} 7. O-O {[%clk 1:32:29]} dxc4
{[%clk 1:31:50]} 8. Bxc4 {[%clk 1:32:57]} b5 {[%clk 1:31:33]} 9. Bd3
{[%clk 1:33:13]} Bb7 {[%clk 1:31:37]} 10. Re1 {[%clk 1:33:30]} Nbd7
{[%clk 1:26:30]} 11. e4 {[%clk 1:32:05]} c5 {[%clk 1:20:53]} 12. e5
{[%clk 1:24:23]} Ng4 {[%clk 1:05:46]} 13. d5 {[%clk 1:07:49]} exd5
{[%clk 0:56:37]} 14. Bf5 {[%clk 1:04:37]} Ndxe5 {[%clk 0:15:26]} 15. Nxe5
{[%clk 1:03:38]} Nxe5 {[%clk 0:15:52]} 16. Rxe5 {[%clk 1:03:17]} Bf6
{[%clk 0:14:55]} 17. Re1 {[%clk 0:55:25]} b4 {[%clk 0:14:01]} 18. Ne2
{[%clk 0:54:04]} d4 {[%clk 0:14:10]} 19. Ng3 {[%clk 0:53:53]} c4 {[%clk 0:12:35]}
20. Be4 {[%clk 0:53:18]} Bxe4 {[%clk 0:11:09]} 21. Nxe4 {[%clk 0:52:40]} d3
{[%clk 0:10:54]} 22. Nxf6+ {[%clk 0:35:47]} Qxf6 {[%clk 0:11:14]} 23. Re3
{[%clk 0:35:53]} Rfd8 {[%clk 0:10:57]} 24. Rf3 {[%clk 0:35:10]} Qe5
{[%clk 0:09:09]} 25. Re3 {[%clk 0:28:20]} Qd4 {[%clk 0:08:52]} 26. Bd2
{[%clk 0:21:48]} c3 {[%clk 0:03:03]} 27. bxc3 {[%clk 0:20:42]} bxc3
{[%clk 0:03:30]} 28. Bxc3 {[%clk 0:19:50]} Qxc3 {[%clk 0:03:56]} 29. Rc1
{[%clk 0:20:16]} Qb2 {[%clk 0:03:18]} 30. h3 {[%clk 0:18:35]} Rab8
{[%clk 0:03:22]} 31. Kh2 {[%clk 0:18:23]} Qxf2 {[%clk 0:02:06]} 32. Rf3
{[%clk 0:18:43]} Qe2 {[%clk 0:01:02]} 33. Qg1 {[%clk 0:17:57]} Qxa2
{[%clk 0:00:57]} 34. Rcf1 {[%clk 0:15:23]} Rb7 {[%clk 0:00:33]} 35. Qc5
{[%clk 0:13:56]} d2 {[%clk 0:00:33]} 36. Rd3 {[%clk 0:12:48]} Rf8
{[%clk 0:00:34]} 37. Rf2 {[%clk 0:12:43]} Rb2 {[%clk 0:00:38]} 38. Ra3
{[%clk 0:08:53]} Qb1 {[%clk 0:00:37]} 39. Raf3 {[%clk 0:05:03]} d1=Q
{[%clk 0:00:36]} 40. Rxf7 {[%clk 0:04:24]} Qg1+ {[%clk 0:00:56]} 41. Kg3
{[%clk 0:04:27]} Qg6+ {[%clk 0:01:11]} 0-1

[Event "XXVI Miedzynarodowy Festiwal Szachowy im.Jozefa Dominika"]
[Site "Dobczyce"]
[Date "2018.07.13"]
[Round "4.9"]
[White "Furtak, Joanna"]
[Black "Kuciel, Wladyslaw"]
[Result "1/2-1/2"]
[BlackElo "1963"]
[WhiteElo "1948"]
[LiveChessVersion "1.4.8"]

1. e4 {[%clk 1:30:49]} c5 {[%clk 1:30:54]} 2. Nf3 {[%clk 1:30:59]} e6
{[%clk 1:31:03]} 3. d4 {[%clk 1:31:25]} cxd4 {[%clk 1:31:27]} 4. Nxd4
{[%clk 1:31:51]} a6 {[%clk 1:31:52]} 5. c4 {[%clk 1:32:17]} Nf6 {[%clk 1:32:13]}
6. Nc3 {[%clk 1:32:42]} d6 {[%clk 1:32:30]} 7. Be3 {[%clk 1:32:40]} Be7
{[%clk 1:32:14]} 8. Be2 {[%clk 1:32:54]} Nc6 {[%clk 1:30:46]} 9. O-O
{[%clk 1:32:05]} O-O {[%clk 1:30:43]} 10. f3 {[%clk 1:29:45]} Bd7
{[%clk 1:25:21]} 11. Qd2 {[%clk 1:29:09]} Rc8 {[%clk 1:25:11]} 12. Rac1
{[%clk 1:28:41]} Ne5 {[%clk 1:22:45]} 13. b3 {[%clk 1:28:13]} Kh8
{[%clk 1:11:20]} 14. Rfd1 {[%clk 1:25:16]} Qa5 {[%clk 1:07:49]} 15. Bf1
{[%clk 1:21:17]} Rg8 {[%clk 1:05:20]} 16. Qf2 {[%clk 1:19:14]} b5
{[%clk 1:02:15]} 17. Bd2 {[%clk 1:14:16]} b4 {[%clk 0:51:58]} 18. Nb1
{[%clk 1:13:26]} Qb6 {[%clk 0:52:05]} 19. Nc2 {[%clk 1:11:32]} Qxf2+
{[%clk 0:35:33]} 20. Kxf2 {[%clk 1:11:57]} a5 {[%clk 0:35:58]} 21. a3
{[%clk 1:09:18]} a4 {[%clk 0:35:40]} 22. Bxb4 {[%clk 1:08:21]} axb3
{[%clk 0:35:55]} 23. Ne3 {[%clk 1:08:11]} Ba4 {[%clk 0:32:45]} 24. Rc3
{[%clk 1:07:24]} Rc6 {[%clk 0:28:08]} 25. Nd2 {[%clk 1:03:39]} d5
{[%clk 0:25:49]} 26. exd5 {[%clk 0:43:14]} Bxb4 {[%clk 0:25:21]} 27. axb4
{[%clk 0:43:39]} exd5 {[%clk 0:24:04]} 28. Nf5 {[%clk 0:43:37]} Rb8
{[%clk 0:18:50]} 29. Nd4 {[%clk 0:38:39]} Rcc8 {[%clk 0:17:57]} 30. b5
{[%clk 0:28:36]} dxc4 {[%clk 0:15:35]} 31. Nc6 {[%clk 0:23:54]} Nxc6
{[%clk 0:11:41]} 32. bxc6 {[%clk 0:23:56]} Rxc6 {[%clk 0:10:18]} 33. Rxc4
{[%clk 0:23:48]} Rxc4 {[%clk 0:10:13]} 34. Nxc4 {[%clk 0:23:40]} b2
{[%clk 0:10:24]} 35. Rb1 {[%clk 0:23:56]} Nd5 {[%clk 0:08:40]} 1/2-1/2

[Event "XXVI Miedzynarodowy Festiwal Szachowy im.Jozefa Dominika"]
[Site "Dobczyce"]
[Date "2018.07.13"]
[Round "5.1"]
[White "Mis, Mieszko"]
[Black "Lewtak, Dominik"]
[Result "1-0"]
[BlackElo "2164"]
[WhiteElo "2291"]
[LiveChessVersion "1.4.8"]

1. d4 {[%clk 1:30:55]} Nf6 {[%clk 1:30:38]} 2. Nf3 {[%clk 1:31:02]} d5
{[%clk 1:30:45]} 3. c4 {[%clk 1:31:26]} e6 {[%clk 1:31:10]} 4. g3
{[%clk 1:31:52]} Nbd7 {[%clk 1:28:48]} 5. Bg2 {[%clk 1:32:03]} dxc4
{[%clk 1:28:05]} 6. O-O {[%clk 1:28:02]} c6 {[%clk 1:21:39]} 7. a4
{[%clk 1:25:55]} Bd6 {[%clk 1:19:25]} 8. Nbd2 {[%clk 1:23:19]} O-O
{[%clk 1:02:30]} 9. Nxc4 {[%clk 1:21:59]} Bc7 {[%clk 1:01:10]} 10. Qc2
{[%clk 1:19:13]} c5 {[%clk 0:59:37]} 11. dxc5 {[%clk 1:12:47]} Nxc5
{[%clk 1:00:01]} 12. b4 {[%clk 1:13:07]} Ncd7 {[%clk 0:59:57]} 13. b5
{[%clk 1:13:07]} Re8 {[%clk 0:57:13]} 14. Rd1 {[%clk 1:11:49]} a6
{[%clk 0:53:37]} 15. Ba3 {[%clk 1:09:27]} Nd5 {[%clk 0:49:24]} 16. e4
{[%clk 0:51:14]} N5b6 {[%clk 0:42:07]} 17. Nce5 {[%clk 0:37:45]} axb5
{[%clk 0:38:54]} 18. axb5 {[%clk 0:37:23]} f6 {[%clk 0:32:31]} 19. Nd3
{[%clk 0:35:30]} Bb8 {[%clk 0:32:10]} 20. Qb3 {[%clk 0:35:15]} Qc7
{[%clk 0:24:58]} 21. Rac1 {[%clk 0:33:30]} Nc4 {[%clk 0:25:00]} 22. Bb4
{[%clk 0:23:30]} Na5 {[%clk 0:22:59]} 23. Bxa5 {[%clk 0:23:36]} Qxa5
{[%clk 0:23:17]} 24. Rxc8 {[%clk 0:23:16]} Rxc8 {[%clk 0:23:22]} 25. Qxe6+
{[%clk 0:23:42]} Kh8 {[%clk 0:23:46]} 26. Qxd7 {[%clk 0:22:47]} Rd8
{[%clk 0:23:18]} 27. Qf5 {[%clk 0:17:31]} Ba7 {[%clk 0:20:23]} 28. Nfe1
{[%clk 0:15:58]} Bd4 {[%clk 0:19:03]} 29. Rc1 {[%clk 0:08:37]} Bc3
{[%clk 0:16:58]} 30. e5 {[%clk 0:07:43]} Rf8 {[%clk 0:13:18]} 31. e6
{[%clk 0:07:08]} g6 {[%clk 0:12:12]} 32. Qe4 {[%clk 0:06:57]} Bxe1
{[%clk 0:10:57]} 33. Rxe1 {[%clk 0:07:20]} Qxb5 {[%clk 0:11:18]} 34. Qxb7
{[%clk 0:07:03]} Qxd3 {[%clk 0:07:25]} 35. e7 {[%clk 0:07:29]} 1-0

[Event "XXVI Miedzynarodowy Festiwal Szachowy im.Jozefa Dominika"]
[Site "Dobczyce"]
[Date "2018.07.13"]
[Round "5.2"]
[White "Kasperek, Ryszard"]
[Black "Szczurek, Krzysztof"]
[Result "1/2-1/2"]
[BlackElo "2136"]
[WhiteElo "2156"]
[LiveChessVersion "1.4.8"]

1. e4 {[%clk 1:30:58]} c5 {[%clk 1:30:54]} 2. Nf3 {[%clk 1:31:14]} d6
{[%clk 1:31:15]} 3. d4 {[%clk 1:29:05]} cxd4 {[%clk 1:31:41]} 4. Nxd4
{[%clk 1:29:31]} Nf6 {[%clk 1:32:05]} 5. Nc3 {[%clk 1:29:58]} a6 {[%clk 1:32:29]}
6. h3 {[%clk 1:30:12]} g6 {[%clk 1:31:09]} 7. g4 {[%clk 1:26:52]} Bg7
{[%clk 1:29:06]} 8. Bg2 {[%clk 1:26:58]} O-O {[%clk 1:28:38]} 9. O-O
{[%clk 1:22:02]} h5 {[%clk 1:21:32]} 10. g5 {[%clk 1:20:24]} Nh7 {[%clk 1:21:57]}
11. f4 {[%clk 1:19:06]} e5 {[%clk 1:18:19]} 12. Nf3 {[%clk 1:17:59]} Nc6
{[%clk 1:16:23]} 13. f5 {[%clk 1:14:49]} gxf5 {[%clk 1:15:26]} 14. exf5
{[%clk 1:14:53]} Bxf5 {[%clk 1:15:43]} 15. Nxe5 {[%clk 1:08:10]} Bxc2
{[%clk 1:10:14]} 16. Qxc2 {[%clk 1:08:06]} dxe5 {[%clk 1:10:38]} 17. Nd5
{[%clk 1:04:58]} Nd4 {[%clk 1:05:19]} 18. Qd1 {[%clk 1:03:27]} Nxg5
{[%clk 0:56:56]} 19. Qxh5 {[%clk 1:02:02]} Nge6 {[%clk 0:57:18]} 20. h4
{[%clk 0:33:39]} f6 {[%clk 0:27:20]} 21. Qg6 {[%clk 0:12:51]} f5 {[%clk 0:21:23]}
22. Bg5 {[%clk 0:08:50]} Nxg5 {[%clk 0:06:12]} 23. hxg5 {[%clk 0:09:16]} Qe8
{[%clk 0:05:14]} 24. Nf6+ {[%clk 0:08:33]} Rxf6 {[%clk 0:05:39]} 25. Qxe8+
{[%clk 0:09:00]} Rxe8 {[%clk 0:05:59]} 26. gxf6 {[%clk 0:09:26]} Bxf6
{[%clk 0:06:22]} 27. Be4 {[%clk 0:04:34]} f4 {[%clk 0:01:27]} 28. Kg2
{[%clk 0:02:30]} Kf7 {[%clk 0:01:46]} 29. Rh1 {[%clk 0:02:25]} Ke6
{[%clk 0:01:28]} 30. Rh7 {[%clk 0:02:40]} Rg8+ {[%clk 0:02:02]} 31. Kf2
{[%clk 0:02:15]} Be7 {[%clk 0:00:44]} 32. Rg1 {[%clk 0:01:53]} Rxg1
{[%clk 0:00:59]} 33. Kxg1 {[%clk 0:02:21]} b6 {[%clk 0:01:12]} 34. Rh6+
{[%clk 0:02:39]} Bf6 {[%clk 0:01:30]} 35. Kf2 {[%clk 0:02:16]} a5
{[%clk 0:01:39]} 36. Rh7 {[%clk 0:02:42]} Be7 {[%clk 0:01:05]} 37. Rh6+
{[%clk 0:03:01]} Bf6 {[%clk 0:01:26]} 1/2-1/2